| 000 | 00594nam a22001937i 4500 | ||
|---|---|---|---|
| 999 |
_c23210 _d23210 |
||
| 003 | AR-CdUCM | ||
| 008 | 250130b20242024 pe||||| |||| 00| 0 spa d | ||
| 020 | _a978-612-49235-4-8 | ||
| 040 |
_aMUNICIPALIDAD PROVINCIAL DEL CUSCO _cBIBLIOTECA MUNICIPAL DEL CUSCO |
||
| 041 | _hspa | ||
| 082 |
_a869.5 / S71S _bS71S |
||
| 100 |
_aSoto Gamarra, Isaac _950106 |
||
| 245 | _aSach'a / | ||
| 260 |
_aLima : _bFrancisco León Editor _c2024 |
||
| 300 |
_a54 páginas. : _c21x13 cm. |
||
| 505 | _aSach'a tomate -- Yanantin -- Waqaych'ru -- Kanpancho | ||
| 942 |
_2ddc _cLIBROS |
||
| 945 |
_apbjr _d30-01-2025 |
||